000 00698nam a2200229 i 4500
001 bg
245 0 0 _aI Sympozjum Naukowe Młodych Wydziału Elektrycznego Akademii Morskiej w Gdyni /
_cWydzaił Elektryczny.
260 _aGdynia :
_bWydaw. Akademii Morskiej,
_c2004.
300 _a83. s. :
_brys., wykr. ;
_c24 cm.
500 _aNa prawach rpsu.
504 _aBibliogr. przy ref.
650 9 _aElektrotechnika
655 _aMateriały konferencyjne
710 0 _aAkademia Morska (Gdynia)
_bWydział Elektryczny
020 _a8392055519
040 _cBPK
041 0 _apol
080 _a621.3(061)
920 _a83-920555-1-9
942 _cKS
008 s pl f |000 0 pol
999 _c46709
_d46709
856 _uhttp://koha.tu.koszalin.pl/cgi-bin/koha/opac-detail.pl?biblionumber=46709
_yKatalog online BPK